| 000 | 00828nam a22002057a 4500 | ||
|---|---|---|---|
| 999 |
_c5652 _d5652 |
||
| 003 | AR-CdUCM | ||
| 008 | 190313b ||||| |||| 00| 0 spa d | ||
| 040 |
_aMUNICIPALIDAD PROVINCIAL DEL CUSCO _cBIBLIOTECA MUNICIPAL DEL CUSCO |
||
| 082 |
_a192 / _bN78 |
||
| 100 |
_aNorth Whitehead, Alfred _916874 |
||
| 245 | _aModo de Pensamiento / | ||
| 260 |
_aBuenos Aires : _bLosada, S.A. , _c1944. |
||
| 300 |
_a199 páginas ; _c19.8 cm. |
||
| 505 | _aContenido : El Impulso creador -- Actividad -- Naturaleza y vida -- Epilogo -- Expresiones -- Entendimiento -- Perspectiva -- Formas de proceso -- Universo Civilizado -- La naturaleza sin vida - la naturaleza viva... | ||
| 650 |
_aFilosofia Humanistica _916875 |
||
| 650 |
_aFilosofia Occidental _916876 |
||
| 650 |
_aFilosofia del ser _916877 |
||
| 942 |
_2ddc _cLIBROS |
||
| 945 | _artm | ||